01402nam a2200265 a 4500001001000000005001700010008004100027041000800068044000800076084002000084100004500104245012100149260002900270300002200299500020700321500018000528500015700708500001000865546002400875650005200899650005600951650003401007650004501041740005001086BRCA_321020190320204151.0270209s1755----enka---###---#000-0#eng-# aeng aenk a511b.M55c17551 aCervantes Saavedra, Miguel ded1547-161610aThe History and Adventures of the Ronowned Don QuixotecTranslated from the Spanish of Miguel de Cervantes Saavedra. aLondresbA. Millarc1755 a2 v.bil.c30 cm. aContenido : v.1. Primera parte. Vida de Cervantes por Smollett. Nota del traductor. Prólogo del autor. -- v.2. Segunda parte. Prólogo de Cervantes. Aprobaciones y licencia de la edición príncipe aEdición : To which is Prefixed, some Account of the Author´s Life by T. Smollett. Illustrated whith 28 new Copper-Plates Designed by Hayman and Engraved by the Best Artists aEjemplar similar al anterior [510]; la diferencia consiste en que el presente sustituye las láminas de Hayman con las de Coypel. Piel Lúdovik Osterc aQM413 aTexto en : inglés14aNovela españolayÉpoca clásica, 1500-170014aLiteratura españolayÉpoca clásica, 1500-170014aNovela españolaySiglo XVII14aDon Quijote (Personaje ficticio)eNovela0 aEl Ingenioso Hidalgo Don Quijote de la Mancha